Between Fear and Hope: Sri Lankan Refugees in Tamil Nadu (Record no. 221042)

MARC details
000 -LEADER
fixed length control field 00870nam a22002537a 4500
005 - DATE AND TIME OF LATEST TRANSACTION
control field 20220103113351.0
008 - FIXED-LENGTH DATA ELEMENTS--GENERAL INFORMATION
fixed length control field 220103b ||||| |||| 00| 0 eng d
020 ## - INTERNATIONAL STANDARD BOOK NUMBER
International Standard Book Number 8185427968
040 ## - CATALOGING SOURCE
Transcribing agency AL
041 ## - LANGUAGE CODE
Language code of text/sound track or separate title eng
082 ## - DEWEY DECIMAL CLASSIFICATION NUMBER
Edition number 23
Classification number 341.486
Item number SURB
245 ## - TITLE STATEMENT
Title Between Fear and Hope: Sri Lankan Refugees in Tamil Nadu
260 ## - PUBLICATION, DISTRIBUTION, ETC.
Place of publication, distribution, etc. Chennai:
Name of publisher, distributor, etc. T R Publications,
Date of publication, distribution, etc. 2000.
300 ## - PHYSICAL DESCRIPTION
Extent xx,116 p.
Other physical details HB
Dimensions 22x15 cm.
365 ## - TRADE PRICE
Price amount 200.00
Currency code
Unit of pricing 200.00
520 ## - SUMMARY, ETC.
Summary, etc. Highlights the refugee crisis with the need for enactment of a refugee law which reflects humanitarian concerns
650 ## - SUBJECT ADDED ENTRY--TOPICAL TERM
Topical term or geographic name entry element International Law
9 (RLIN) 12254
650 ## - SUBJECT ADDED ENTRY--TOPICAL TERM
Topical term or geographic name entry element Sri Lankan Refugees in Tamil Nadu
9 (RLIN) 12255
650 ## - SUBJECT ADDED ENTRY--TOPICAL TERM
Topical term or geographic name entry element Island of Refugees
9 (RLIN) 12256
650 ## - SUBJECT ADDED ENTRY--TOPICAL TERM
Topical term or geographic name entry element Refugee Phenomenon
9 (RLIN) 12257
650 ## - SUBJECT ADDED ENTRY--TOPICAL TERM
Topical term or geographic name entry element Island of Refugees
9 (RLIN) 12256
700 ## - ADDED ENTRY--PERSONAL NAME
Personal name SURYANARAYAN (V): SUDARSEN (V)
9 (RLIN) 12258
942 ## - ADDED ENTRY ELEMENTS (KOHA)
Source of classification or shelving scheme Dewey Decimal Classification
Koha item type George Fernandes Collections
Holdings
Withdrawn status Lost status Source of classification or shelving scheme Damaged status Not for loan Collection code Home library Current library Date acquired Total Checkouts Full call number Barcode Date last seen Price effective from Koha item type
    Dewey Decimal Classification     Others St Aloysius Library St Aloysius Library 03/24/2013   341.486 SURB GF03274 01/03/2022 01/03/2022 George Fernandes Collections